| 000 | 00827cab a2200241 4500 | ||
|---|---|---|---|
| 001 | ABS53512 | ||
| 008 | 090401t1995 xxu||||| |||| 00| 0 eng d | ||
| 035 | _a(Sirsi) u4830 | ||
| 041 | _aeng | ||
| 100 | _aBurton, I. | ||
| 245 | _aHeartlands moves fast as corporation hits mid term | ||
| 260 | _c1995 | ||
| 350 | _a0 | ||
| 490 |
_aPlanning (for the Natural and Built Environment) _v(1132) 18 August 1995, 6-7(2) |
||
| 520 | _aReviews the impact of the Urban Development Corporations since their establishment in the 1980s. Includes a case study of Heartlands Development Corporation, Birmingham. | ||
| 650 | _aBIRMINGHAM | ||
| 650 | _aHEARTLANDS DEVELOPMENT CORPORATION | ||
| 650 | _aURBAN DEVELOPMENT CORPORATIONS | ||
| 650 | _aURBAN REGENERATION | ||
| 690 | _aURBAN RENEWAL | ||
| 942 | _n0 | ||
| 948 | _c04/03/1997 | ||
| 999 |
_c2921 _d2921 |
||